000 00658nam a2200193 i 4500
001 54182
003 ES-MaACL
005 20250815063219.0
007 t|
008 960716s1865 fr a |||| | fre d
040 _aCAM
_bspa
_cCAM
100 1 _aFiguier, Louis,
_d1819-1894
_950814
245 1 4 _aLes grandes inventions anciennes et modernes dans les sciences, l'industrie et les arts /
_cpar Louis Figuier.
260 _aParis :
_bLibrairie de L. Hachette et Cie.,
_c1865 (
_fImp. générale de Ch. Lahure)
300 _aII, 445 p. ;
_c24 cm.
650 4 _aInventos-
_xHistoria.
_9141644
852 _aES-MaACL
_jF-8317
999 _c54182
_d54182